00259nam a2200085Ia 4500008004100000041000800041100002100049245007000070260003300140241105s9999 xx 000 0 und d aeng aSankulkar Ketaki aLandscape Enhancement Of Bird Habitat At Sewri Mahul Creek Mumbai bM Arch Landscape, Punec2014